00243nam a2200085Ia 450000100070000000500170000700800410002424500400006526000520010579458420250826170711.0250824s9999 xx 000 0 und d 0aHANGİ ATATÜRKcATİLLA İLHAN bTÜRKİYE İŞ BANKASI KÜLTÜR YAYINLARI